Φορτώνει......
World prehistory: a new outline /
| Κύριος συγγραφέας: | |
|---|---|
| Μορφή: | Printed Book |
| Γλώσσα: | English |
| Έκδοση: |
Cambridge :
Univ Press,
1969.
|
| Θέματα: |
| LEADER | 00459nam a2200133Ia 4500 | ||
|---|---|---|---|
| 008 | 150624b xxu||||| |||| 00| 0 eng d | ||
| 082 | |a 301.2 | ||
| 100 | |a Clark, Grahame | ||
| 245 | |a World prehistory: |b a new outline / |c Grahame Clark | ||
| 260 | |a Cambridge : |b Univ Press, |c 1969. | ||
| 650 | |x Anthroplogy. | ||
| 942 | |c BK | ||
| 999 | |c 61956 |d 61956 | ||
| 952 | |0 0 |1 0 |4 0 |6 301_200000000000000_CLA_W |7 0 |9 61933 |a UL |b UL |c ST2 |d 2012-10-27 |l 0 |o 301.2 CLA/W |p D988 |r 2012-10-27 |w 2012-10-27 |y BK | ||